000 00897cam a2200265 4500
008 090401t1993 xxu||||| |||| 00| 0 eng d
020 _a0951907506
035 _a(Sirsi) u11516
041 _aeng
050 _a695
110 _aConstruction Industry Research and Information Association
_94810
245 _aFlat roofing: design & good practice.
260 _aNottingham
_bBritish Flat Roofing Council
_c1993
300 _av,459p. : ill. ; 30cm.
350 _a75
520 _aIncludes project notebook. CIRIA ISBN 0860173453.
650 _aBUILT ENVIRONMENT-CONSTRUCTION DESIGN
650 _aBUILT ENVIRONMENT-BUILDING MATERIALS
650 _aFLAT ROOFS
650 _aBUILT ENVIRONMENT-BUILDING ELEMENTS-COMPLETE BUILDING ELEMENTS-ROOFS
690 _aBUILT ENVIRONMENT-CONSTRUCTION DESIGN
710 _aBritish Flat Roofing Council
_92158
942 _n0
948 _c04/03/1997
999 _c86878
_d86878